Reglamentos electrotécnicos de alta y baja tensión (Record no. 189945)
[ view plain ]
| 000 -LEADER | |
|---|---|
| campo de control de longitud fija | 00778nam a2200205 i 4500 |
| 001 - NÚMERO DE CONTROL | |
| campo de control | 189945 |
| 003 - IDENTIFICADOR DE NÚMERO DE CONTROL | |
| campo de control | ES-MaACL |
| 005 - FECHA Y HORA DE LA ÚLTIMA TRANSACCIÓN | |
| campo de control | 20250902073148.0 |
| 008 - DATOS DE LONGITUD FIJA--INFORMACIÓN GENERAL | |
| campo de control de longitud fija | 200221s1970 sp |||| | spa d |
| 245 00 - MENCIÓN DEL TÍTULO | |
| Título | Reglamentos electrotécnicos de alta y baja tensión |
| Resto del título | : Disposiciones de caracter general. Reglamento de Centrales Generadoras de Energía Eléctrica... Disposiciones complementarias. |
| 260 ## - PUBLICACIÓN, DISTRIBUCIÓN, ETC. | |
| Lugar de publicación, distribución, etc. | Madrid : |
| Nombre del editor, distribuidor, etc. | Garcia Enciso, |
| Fecha de publicación, distribución, etc. | 1970. |
| 300 ## - DESCRIPCIÓN FÍSICA | |
| Extensión | 240 p. ; |
| Dimensiones | 16 cm. |
| 490 1# - MENCIÓN DE SERIE | |
| Mención de serie | Colección "García Enciso" |
| 650 04 - PUNTO DE ACCESO ADICIONAL DE MATERIA--TÉRMINO DE MATERIA | |
| Término de materia o nombre geográfico como elemento de entrada | Líneas eléctricas. |
| 9 (RLIN) | 14461 |
| 650 04 - PUNTO DE ACCESO ADICIONAL DE MATERIA--TÉRMINO DE MATERIA | |
| Término de materia o nombre geográfico como elemento de entrada | Centrales eléctricas. |
| 9 (RLIN) | 10882 |
| 650 ## - PUNTO DE ACCESO ADICIONAL DE MATERIA--TÉRMINO DE MATERIA | |
| Término de materia o nombre geográfico como elemento de entrada | Instalaciones eléctricas. |
| 9 (RLIN) | 13826 |
| 830 00 - PUNTO DE ACCESO ADICIONAL DE SERIE-TÍTULO UNIFORME | |
| Título uniforme | Colección "García Enciso" |
| 9 (RLIN) | 176884 |
| 852 ## - LOCALIZACIÓN | |
| Ubicación | ES-MaACL |
| Número de control de estantería | P-1332-27 |
| Estatus retirado | Estado de pérdida | Estado de daño | No para préstamo | Biblioteca de origen | Biblioteca actual | Ubicación en estantería | Fecha de adquisición | Fuente de adquisición | Total de préstamos | Signatura topográfica completa | Código de barras | Visto por última vez | Precio de reemplazo | Tipo de ítem Koha |
|---|---|---|---|---|---|---|---|---|---|---|---|---|---|---|
| Biblioteca del Ateneo de Madrid | Biblioteca del Ateneo de Madrid | Depósito 2 | 11/05/2005 | P-1332-27 | 1201581 | 23/02/2023 | 23/02/2023 | Libro impreso |
